MARC

LEADER 00000nam0a2200000 4500
001 676928
005 20241125125237.0
035 |a (RuTPU)RU\TPU\book\348707 
090 |a 676928 
100 |a 20241125d1961 k||y0rusy50 ca 
101 0 |a rus 
102 |a RU 
105 |a a z 001zy 
181 0 |a i   |b  e  
182 0 |a n 
183 0 |a nc  |2 RDAcarrier 
200 1 |a Металловедение и обработка цветных металлов и сплавов  |e [сборник]  |f Государственный научно-исследовательский и проектный институт обработки цветных металлов (ГИПРОЦВЕТМЕТОБРАБОТКА) ; отв. ред. С. В. Виноградов  |h Вып. 20 
203 |a Текст  |b визуальный  |c непосредственный 
210 |a Москва  |c Металлургиздат  |d 1961 
215 |a 375 с.  |c ил. 
283 |a volume  |2 RDAcarrier 
320 |a Библиогр. в конце ст. 
606 1 |a Цветные металлы  |x Металловедение  |2 stltpush  |3 (RuTPU)RU\TPU\subj\26206  |9 43409 
606 1 |a Цветные металлы  |x Термическая обработка  |9 43442 
610 1 |a сплавы 
610 1 |a катализаторы 
610 1 |a электросопротивление 
610 1 |a деформирование 
610 1 |a биметаллы 
610 1 |a дилатометрические исследования 
610 1 |a каталитические яды 
610 1 |a окалина 
610 1 |a добавки 
610 1 |a модифицирование 
610 1 |a монокристаллы 
610 1 |a рекристаллизация 
610 1 |a коррозионная стойкость 
610 1 |a спектральный анализ 
675 |a 669.2:621.78  |v 4 
675 |a 669.2.017  |v 4 
702 1 |a Виноградов  |b С. В.  |4 340 
712 0 2 |a Государственный научно-исследовательский, проектный и конструкторский институт сплавов и обработки цветных металлов  |c (Москва)  |3 (RuTPU)RU\TPU\col\8282  |9 26245 
801 1 |a RU  |b 63413507  |c 20241125 
801 2 |a RU  |b 63413507  |c 20200625  |g RCR 
942 |c CR